Statistiques concernant Noms de départements divisés - Puzzle

Cliquez ici pour prendre le quiz!

Statistiques générales

  • Ce quiz a été pris 15 677 fois
  • Le résultat moyen est 11 sur 20

Statistiques - réponses

Départements% Correct
INDREETLOIREIndre-et-Loire
87%
FINISTEREFinistère
84%
PUYDEDOMEPuy-de-Dôme
83%
DORDOGNEDordogne
82%
VAUCLUSEVaucluse
80%
EUREETLOIREure-et-Loir
71%
MORBIHANMorbihan
68%
LOIRETCHERLoir-et-Cher
63%
DEUXSEVRESDeux-Sèvres
62%
ESSONNEEssonne
60%
GUADELOUPEGuadeloupe
58%
HERAULTHérault
58%
AVEYRONAveyron
46%
MAYENNEMayenne
42%
ARDECHEArdèche
37%
HAUTRHINHaut-Rhin
37%
CHARENTECharente
34%
MOSELLEMoselle
30%
VALDOISEVal-d'Oise
21%
LAREUNIONLa Réunion
14%

Distribution des résultats

Percentile par nombre de réponses

% des personnes avec chaque résultat

Votre développement - résultats

Vous n’avez pas pris ce quiz